Heao science symposium held at MSFC May 8-9 1979 (Record no. 7310)

MARC details
000 -LEADER
fixed length control field 00705nam a2200205Ia 4500
003 - CONTROL NUMBER IDENTIFIER
control field IN-BaIIA
008 - FIXED-LENGTH DATA ELEMENTS--GENERAL INFORMATION
fixed length control field 211028s9999 xx 000 0 eng d
040 ## - CATALOGING SOURCE
Transcribing agency IIA Library
080 ## - UNIVERSAL DECIMAL CLASSIFICATION NUMBER
Universal Decimal Classification number 520.2(082.2)
Item number NASA
100 ## - MAIN ENTRY--PERSONAL NAME
Personal name Dailey, C.
9 (RLIN) 12527
245 #0 - TITLE STATEMENT
Title Heao science symposium held at MSFC May 8-9 1979
Statement of responsibility, etc. C. Dailey and Johnson W.
260 ## - PUBLICATION, DISTRIBUTION, ETC.
Place of publication, distribution, etc. Washington
Name of publisher, distributor, etc. National Aeronautics and Space Administration
Date of publication, distribution, etc. 1979
300 ## - PHYSICAL DESCRIPTION
Extent v, 459p.
490 ## - SERIES STATEMENT
Series statement NASA conference publication; 2113
650 ## - SUBJECT ADDED ENTRY--TOPICAL TERM
Topical term or geographic name entry element Astronomy and astrophysics thesaurus
650 ## - SUBJECT ADDED ENTRY--TOPICAL TERM
Topical term or geographic name entry element Space telescopes:Heao
9 (RLIN) 12528
650 ## - SUBJECT ADDED ENTRY--TOPICAL TERM
Topical term or geographic name entry element Telescopes
9 (RLIN) 1997
700 ## - ADDED ENTRY--PERSONAL NAME
Personal name Johnson, W.
9 (RLIN) 12529
942 ## - ADDED ENTRY ELEMENTS (KOHA)
Koha item type Books
952 ## - LOCATION AND ITEM INFORMATION (KOHA)
-- 46.00
Holdings
Withdrawn status Lost status Damaged status Not for loan Home library Current library Shelving location Date acquired Total Checkouts Full call number Barcode Date last seen Price effective from Koha item type
        IIA Library-Bangalore IIA Library-Bangalore General Stacks 22/03/1983   520.2(082.2)/ NASA 8115 05/11/2021 22/03/1983 Books

Powered by Koha